| 000 | 00707nam a2200229 a 4500 | ||
|---|---|---|---|
| 001 | 000023438 | ||
| 005 | 20200930022223.0 | ||
| 008 | 101207s1983 sp 000 f spa d | ||
| 020 | _a8420698075 | ||
| 040 |
_aDO-SdBNP _bspa _cBNPHU |
||
| 082 |
_a863.5 _bP438fo |
||
| 100 | 1 |
_aPérez Galdós, Benito, _d1843-1920 _93681 |
|
| 245 | 1 | 0 |
_aFortunata y Jacinta / _cBenito Pérez Galdós. |
| 260 |
_aMadrid : _bAlianza, _c1983. |
||
| 300 |
_a2 v. ; _c18 cm. |
||
| 490 | 1 |
_aEl libro de bolsillo. Literatura _v951 / 952 |
|
| 650 | 4 |
_aNovela española _91123 |
|
| 650 | 4 |
_aLiteratura española _ySIGLO XX _93326 |
|
| 830 | 0 |
_aEl libro de bolsillo. Literatura ; _v951 / 952 _948294 |
|
| 910 | _aWM | ||
| 049 | _aBNPHU | ||
| 999 |
_c22934 _d22934 |
||